Europäische Länder durch ersten und letzten Buchstaben - Statistiken

Allgemein
  • Dieses Quiz wurde 2.500 mal gespielt
  • Das Durchschnittsergebnis liegt bei 21 aus 45
Antworten auf der Karte
Die Antworten werden auf der Karte rot bzw. grün angezeigt, abhängig davon wie oft sie richtig erraten wurden.
 
Antwortstatistiken
Land % Korrekt
Schweden
90%
Serbien
90%
Slowenien
90%
Spanien
90%
Deutschland
89%
Frankreich
79%
Irland
79%
Island
79%
Nordmazedonien
78%
Norwegen
78%
Finnland
69%
Italien
69%
Portugal
69%
Russland
65%
Belgien
64%
Bulgarien
64%
Vereinigtes Königreich
60%
Polen
55%
Niederlande
53%
Liechtenstein
51%
Litauen
51%
Dänemark
46%
Estland
46%
Schweiz
44%
Ukraine
42%
Österreich
41%
Lettland
40%
Luxemburg
30%
Griechenland
29%
Tschechien
28%
Andorra
27%
Monaco
26%
Montenegro
26%
Rumänien
26%
Weißrussland
22%
Ungarn
21%
San Marino
20%
Albanien
19%
Malta
19%
Kroatien
18%
Vatikanstadt
15%
Slowakei
14%
Moldawien
12%
Kosovo
8%
Bosnien und Herzegowina
7%
Keine übereinstimmenden Quizze gefunden
Verteilung der Resultate
Anzahl Personen mit jedem Resultat
Perzentil nach korrekt beantworteten Fragen
Ihre Resultats-Entwicklung
Sie haben dieses Quiz noch nicht gespielt